LEADER 01081nam2 22002893i 450 001 MES0006481 005 20231121125525.0 100 $a20171010e19691870||||0itac50 ba 101 | $aita 102 $ait 181 1$6z01$ai $bxxxe 182 1$6z01$an 200 0 $a1$fraccolti e confrontati con quelli degli altri dialetti d'Italia da Giuseppe Pitre 205 $a[Rist. anast.] 210 $aBologna$cForni$dstampa 1969 215 $aCCXXXVIII, 356 p.$d22 cm 300 $aRipr. dell'ed. : Palermo, 1870-1913. 461 1$1001CFI0457327$12001 $aProverbi siciliani$fraccolti e confrontati con quelli degli altri dialetti d'Italia da Giuseppe Pitré$v1 700 1$aPitrč$b, Giuseppe$3CFIV019897$0381921 801 3$aIT$bIT-01$c20171010 850 $aIT-FR0017 899 $aBiblioteca umanistica Giorgio Aprea$bFR0017 $eN 912 $aMES0006481 950 2$aBiblioteca umanistica Giorgio Aprea$d 52MAG 5/1492.1$e 52MAG0000037575 VMN RS $fA $h20171010$i20171010 977 $a 52 996 $a1$93608899 997 $aUNICAS LEADER 00997nam 2200349 450 001 9910132626003321 005 20240206104242.0 010 $a1-4123-6203-2 024 7 $a10.1522/030076882 035 $a(CKB)3680000000165371 035 $a(NjHacI)993680000000165371 035 $a(EXLCZ)993680000000165371 100 $a20240206d2007 uy 0 101 0 $afre 135 $aur||||||||||| 181 $ctxt$2rdacontent 182 $cc$2rdamedia 183 $acr$2rdacarrier 200 10$aFinances publiques $efaut-il s'alarmer? /$fLouis Gill 210 1$a[Place of publication not identified] :$cJ.-M. Tremblay,$d2007. 215 $a1 online resource 517 $aFinances publiques 606 $aFinance, Public$zQue?bec (Province) 615 0$aFinance, Public 676 $a336.714 700 $aGill$b Louis$0856482 801 0$bNjHacI 801 1$bNjHacl 906 $aBOOK 912 $a9910132626003321 996 $aFinances publiques$93907813 997 $aUNINA